Tennis Players with most wins vs. Number 1 - Statistics

General Stats
  • This quiz has been taken 288 times
  • The average score is 11 of 23
Answer Stats
Rank Answer Country Number of wins % Correct
3 Novak Djokovic ๐Ÿ‡ท๐Ÿ‡ธ SRB 16
98%
1 Rafael Nadal ๐Ÿ‡ช๐Ÿ‡ธ ESP 23
98%
T6 Roger Federer ๐Ÿ‡จ๐Ÿ‡ญ SUI 10
98%
5 Andy Murray ๐Ÿ‡ฌ๐Ÿ‡ง GBR 12
86%
T6 Andre Agassi ๐Ÿ‡บ๐Ÿ‡ธ USA 10
81%
2 Boris Becker ๐Ÿ‡ฉ๐Ÿ‡ช GER 19
79%
T18 Pete Sampras ๐Ÿ‡บ๐Ÿ‡ธ USA 6
77%
T11 Bjorn Borg ๐Ÿ‡ธ๐Ÿ‡ช SWE 8
76%
T13 John McEnroe ๐Ÿ‡บ๐Ÿ‡ธ USA 7
72%
T6 Juan Martin del Potro ๐Ÿ‡ฆ๐Ÿ‡ท ARG 10
65%
T13 Daniil Medvedev ๐Ÿ‡ท๐Ÿ‡บ RUS 7
55%
4 Ivan Lendl ๐Ÿ‡บ๐Ÿ‡ธ USA 13
46%
10 Stefan Edberg ๐Ÿ‡ธ๐Ÿ‡ช SWE 9
46%
T18 Ilie Nastase ๐Ÿ‡ท๐Ÿ‡ด ROU 6
38%
T13 Michael Chang ๐Ÿ‡บ๐Ÿ‡ธ USA 7
27%
T18 John Newcombe ๐Ÿ‡ฆ๐Ÿ‡บ AUS 6
25%
T13 Richard Krajicek ๐Ÿ‡ณ๐Ÿ‡ฑ NED 7
21%
T6 Tom Okker ๐Ÿ‡ณ๐Ÿ‡ฑ NED 10
6%
T18 Andres Gimeno ๐Ÿ‡ช๐Ÿ‡ธ ESP 6
5%
T18 Roscoe Tanner ๐Ÿ‡บ๐Ÿ‡ธ USA 6
5%
T13 Roy Emerson ๐Ÿ‡ฆ๐Ÿ‡บ AUS 7
5%
T11 Tony Roche ๐Ÿ‡ฆ๐Ÿ‡บ AUS 8
5%
T18 Marty Riessen ๐Ÿ‡บ๐Ÿ‡ธ USA 6
1%
No matching quizzes found
Score Distribution
Percent of People with Each Score
Percentile by Number Answered
Your Score History
You have not taken this quiz